000 00531nam a2200205 i 4500
001 bgj
100 1 _aSTEINBERG, Bodo.
245 1 0 _aDas Paradies an der Bernsteinküste :
_bGeschichten aus Ostpreussen /
260 _aMünchen :
_bLangen Müller,
_ccop. 2000.
300 _a221 s. ;
_c21 cm.
650 9 _aPowieść niemiecka
020 _a3784427987
040 _cBPK
041 0 _ager
044 _aDEU
080 _a821.112.2-3
920 _a3-7844-2798-7
942 _cKS
008 s gw f |000 0 ger
999 _c50520
_d50520
856 _uhttp://koha.tu.koszalin.pl/cgi-bin/koha/opac-detail.pl?biblionumber=50520
_yKatalog online BPK